[Event "Asian Continental-ch Open 2019"]
[Site "XingTai"]
[Date "2019.06.14"]
[Round "8.17"]
[White "Zeng, Chongsheng"]
[Black "Garcia, Jan Emmanuel"]
[Result "1-0"]
[WhiteElo "2561"]
[BlackElo "2413"]
[Annotator "ChessBase"]
[PlyCount "131"]
[EventDate "2019.06.06"]
[EventType "swiss"]
[EventCountry "CHN"]
[SourceTitle "playchess.com"]
[Source "ChessBase"]
[SourceQuality "1"]
[TimeControl "40/5400+30:1800+30"]

1. e4 {[%emt 0:00:00]} e5 {[%emt 0:00:00]} 2. Nf3 {[%emt 0:00:01]} Nc6 {[%emt 0:00:00]} 3. Bc4 {[%emt 0:00:02]} Bc5 {[%emt 0:00:01]} 4. c3 {[%emt 0:00:04]} Nf6 {[%emt 0:01:01]} 5. d3 {[%emt 0:00:05]} a6 {[%emt 0:01:02]} 6. a4 {[%emt 0:01:11]} d6 {[%emt 0:00:43]} 7. h3 {[%emt 0:00:07]} Ba7 {[%emt 0:01:16]} 8. O-O {[%emt 0:01:01]} O-O {[%emt 0:05:24]} 9. Re1 {[%emt 0:01:35]} Be6 {[%emt 0:01:50]} 10. Nbd2 {[%emt 0:00:30]} Re8 {[%emt 0:02:41]} 11. Bxe6 {[%emt 0:10:52]} fxe6 {[%emt 0:09:07]} 12. b4 {[%emt 0:00:34]} Rf8 {[%emt 0:01:38]} 13. b5 {[%emt 0:02:36]} Na5 {[%emt 0:20:03]} 14. d4 {[%emt 0:02:25]} exd4 {[%emt 0:05:19]} 15. cxd4 {[%emt 0:00:08]} Bb6 {[%emt 0:03:20]} 16. Ba3 {[%emt 0:09:27]} axb5 {[%emt 0:09:23]} 17. axb5 {[%emt 0:00:07]} Qd7 {[%emt 0:00:18]} 18. Rb1 {[%emt 0:03:31]} Nh5 {[%emt 0:02:18]} 19. Qc2 {[%emt 0:07:44]} e5 {[%emt 0:08:39]} 20. dxe5 {[%emt 0:06:48]} Nf4 {[%emt 0:00:22]} 21. Kf1 {[%emt 0:01:57]} Qe6 {[%emt 0:18:26]} 22. Rec1 {[%emt 0:26:59]} Qg6 {[%emt 0:02:05]} 23. Nh4 {[%emt 0:00:32]} Qh5 {[%emt 0:00:06]} 24. Ndf3 {[%emt 0:00:10]} Nxh3 {[%emt 0:01:20]} 25. exd6 {[%emt 0:00:02]} cxd6 {[%emt 0:03:52]} 26. Bxd6 {[%emt 0:00:18]} Nxf2 {[%emt 0:00:12]} 27. Bxf8 {[%emt 0:00:48]} Rxf8 {[%emt 0:00:01]} 28. Qa2+ {[%emt 0:00:20]} Kh8 {[%emt 0:00:10]} 29. Qe6 {[%emt 0:00:10]} Bd8 {[%emt 0:03:19]} 30. Rc8 {[%emt 0:06:33]} Ng4 {[%emt 0:00:28]} 31. Qd6 {[%emt 0:01:24]} Qe8 {[%emt 0:00:15]} 32. Nf5 {[%emt 0:01:12]} Rg8 {[%emt 0:00:35]} 33. Rd1 {[%emt 0:00:45]} Qxb5+ {[%emt 0:00:28]} 34. Qd3 {[%emt 0:01:27]} Qb6 {[%emt 0:00:44]} 35. N3d4 {[%emt 0:03:17]} Nc6 {[%emt 0:00:27]} 36. Rb1 {[%emt 0:06:49]} Qa7 {[%emt 0:00:15]} 37. Qb3 {[%emt 0:04:03]} Nxd4 {[%emt 0:00:27]} 38. Qxg8+ {[%emt 0:00:24]} Kxg8 {[%emt 0:00:02]} 39. Rxd8+ {[%emt 0:00:02]} Kf7 {[%emt 0:00:00]} 40. Rxb7+ {[%emt 0:00:00]} Qxb7 {[%emt 0:00:00]} 41. Nd6+ {[%emt 0:00:27]} Ke6 {[%emt 0:11:54]} 42. Nxb7 {[%emt 0:00:04]} Ke5 {[%emt 0:00:08]} 43. Nc5 {[%emt 0:02:04]} Nf6 {[%emt 0:02:38]} 44. Nd7+ {[%emt 0:07:06]} Kxe4 {[%emt 0:01:50]} 45. Nxf6+ {[%emt 0:00:02]} gxf6 {[%emt 0:00:01]} 46. Rh8 {[%emt 0:00:07]} f5 {[%emt 0:03:14]} 47. Rxh7 {[%emt 0:00:10]} f4 {[%emt 0:00:58]} 48. Rh5 {[%emt 0:00:56]} Nf5 {[%emt 0:00:30]} 49. Kf2 {[%emt 0:00:38]} Ne3 {[%emt 0:00:28]} 50. Rg5 {[%emt 0:00:19]} Nd1+ {[%emt 0:00:47]} 51. Kg1 {[%emt 0:00:21]} Ne3 {[%emt 0:00:28]} 52. Rg8 {[%emt 0:00:09]} Kf5 {[%emt 0:01:33]} 53. Kh2 {[%emt 0:00:43]} Ng4+ {[%emt 0:02:56]} 54. Kh3 {[%emt 0:00:02]} Ne5 {[%emt 0:00:56]} 55. Kh4 {[%emt 0:02:31]} Nd3 {[%emt 0:07:26]} 56. Rf8+ {[%emt 0:06:25]} Ke4 {[%emt 0:00:47]} 57. Kg5 {[%emt 0:00:54]} Ke3 {[%emt 0:00:58]} 58. Rd8 {[%emt 0:00:10]} Nc5 {[%emt 0:03:13]} 59. Kg4 {[%emt 0:00:09]} Kf2 {[%emt 0:00:33]} 60. Rd2+ {[%emt 0:00:23]} Ke3 {[%emt 0:00:20]} 61. Rd5 {[%emt 0:00:10]} Ne4 {[%emt 0:00:44]} 62. Re5 {[%emt 0:00:20]} Kd4 {[%emt 0:00:26]} 63. Kxf4 {[%emt 0:00:07]} Nf6 {[%emt 0:00:25]} 64. Re6 {[%emt 0:00:32]} Nd5+ {[%emt 0:00:12]} 65. Kf5 {[%emt 0:00:12]} Ne3+ {[%emt 0:00:20]} 66. Rxe3 {[%emt 0:00:02]} 1-0

[Event "Asian Continental-ch Open 2019"]
[Site "XingTai"]
[Date "2019.06.15"]
[Round "9.1"]
[White "Le, Quang Liem"]
[Black "Sethuraman, S.P."]
[Result "1-0"]
[WhiteElo "2694"]
[BlackElo "2613"]
[Annotator "TA"]
[PlyCount "75"]
[EventDate "2019.06.06"]
[EventType "swiss"]
[EventCountry "CHN"]
[SourceTitle "playchess.com"]
[Source "ChessBase"]
[SourceQuality "1"]

{[%evp 9,75,18,19,14,29,6,47,52,44,47,52,41,47,43,44,39,44,35,35,36,37,37,49,37,54,55,54,52,53,54,58,54,53,54,73,74,71,75,99,96,104,102,103,103,104,95,112,107,116,101,122,136,158,121,141,116,143,139,130,134,158,158,179,157,165,166,230,226]} 1. e4 e5 2. Nf3 Nc6 3. Bb5 Nf6 4. d3 Bc5 5. Bxc6 dxc6 6. O-O {C65: Ruy Lopez: Berlin Defence (3...Nf6), unusual lines and 4 0-0 Bc5} Bd6 (6... Qe7 7. Nbd2 Bg4 8. h3 Bh5 9. a3 Nd7 10. b4 Bd6 11. Nc4 f6 12. Ne3 Nf8 13. Nf5 Qd7 {½-½ (50) Giri,A (2797)-Topalov,V (2740) Shamkir 2019}) 7. d4 Qe7 8. dxe5 {White is slightly better.} Bxe5 9. Nxe5 Qxe5 10. Qf3 $146 ({Predecessor:} 10. f3 Be6 11. Qd3 Rd8 12. Qc3 Qh5 13. Be3 O-O {1-0 (36) Khes,Y-Bezzubov,Y RCCA corr 2002}) 10... O-O ({Don't blunder} 10... Nxe4 $2 11. Re1 $18) 11. Nc3 Re8 {[%cal Rf6e4]} 12. Bf4 Qe7 13. Rfe1 Nd5 14. Bd2 Nxc3 15. Bxc3 Qh4 16. Re3 Be6 17. Qg3 Qxg3 18. Rxg3 g6 19. Bf6 a5 20. a4 c5 21. Rd1 c4 22. Rg5 Ra6 23. Re5 Rc8 24. f3 Bh3 25. Bd8 Be6 {[#] Hoping for ...Rd6.} 26. Rb5 b6 27. Bf6 Raa8 28. Kf2 Re8 29. Re5 c3 30. b3 c5 31. Rd6 Rab8 32. f4 {[#] Strongly threatening f5.} c4 33. bxc4 Rec8 34. c5 bxc5 {White is clearly better.} 35. Ke3 Bc4 36. Re7 Kf8 37. Ra7 Rb2 (37... Ra8 {was worth a try.} 38. Rc6 Re8 39. Rxa8 (39. Rxc5 Rxa7 40. Rxc4 Raa8 $11) 39... Rxa8 40. Rxc5 Be6 41. Bxc3 Bd7 42. Bxa5 Bxa4) 38. Rxa5 {Accuracy: White = 84%, Black = 51%.} 1-0

[Event "Asian Continental-ch Open 2019"]
[Site "XingTai"]
[Date "2019.06.15"]
[Round "9.2"]
[White "Jumabayev, Rinat"]
[Black "Narayanan.S.L"]
[Result "1/2-1/2"]
[WhiteElo "2625"]
[BlackElo "2603"]
[Annotator "TA"]
[PlyCount "38"]
[EventDate "2019.06.06"]
[EventType "swiss"]
[EventCountry "CHN"]
[SourceTitle "playchess.com"]
[Source "ChessBase"]
[SourceQuality "1"]

{[%evp 9,38,13,11,0,0,0,6,-35,-12,-19,-18,-11,-31,-37,-10,-75,-47,-60,-47,-60,-27,-67,-74,-56,0,0,0,0,0,-5,0]} 1. d4 Nf6 2. c4 g6 3. g3 c6 4. Bg2 d5 5. Qa4 Bg7 6. cxd5 {D71: Fianchetto Grünfeld: 3 g3 d5 sidelines and 5 cxd5 (without Nf3)} Nxd5 7. Nf3 Nb6 8. Qa5 $146 ({Predecessor:} 8. Qc2 Bg4 9. Nbd2 O-O 10. h3 Bxf3 11. Nxf3 Bxd4 12. Nxd4 Qxd4 {0-1 (42) Duda,J (2738)-Vachier Lagrave,M (2778) Germany 2019}) 8... Bxd4 9. Nxd4 Qxd4 10. Nc3 Na6 11. O-O f6 12. Ne4 (12. Rd1 $11 {remains equal.} Qb4 13. Qxb4 Nxb4 14. a3) 12... Bg4 13. Bd2 O-O ({Much weaker is} 13... Qxb2 $6 14. Bc3 $11) (13... Bxe2 $6 14. Rfe1 $14) 14. Qa3 Qe5 ({Reject} 14... Bxe2 $6 15. Rfe1 $14) 15. h3 Bf5 ({Of course not} 15... Bxe2 $6 16. Rfe1 $14) 16. Nc3 Qe6 (16... g5 $15 17. b3 Rfd8) 17. g4 $11 {The position is equal.} Bc2 {[#] White must now prevent ...Nc4.} 18. b3 {Hoping for Rac1.} g5 $1 19. Rac1 Bg6 {Accuracy: White = 53%, Black = 54%.} 1/2-1/2

[Event "Asian Continental-ch Open 2019"]
[Site "XingTai"]
[Date "2019.06.15"]
[Round "9.3"]
[White "Gupta, Abhijeet"]
[Black "Lu, Shanglei"]
[Result "1/2-1/2"]
[WhiteElo "2606"]
[BlackElo "2624"]
[Annotator "TA"]
[PlyCount "37"]
[EventDate "2019.06.06"]
[EventType "swiss"]
[EventCountry "CHN"]
[SourceTitle "playchess.com"]
[Source "ChessBase"]
[SourceQuality "1"]

{[%evp 12,15,29,8,11,18]} 1. d4 d5 2. c4 e6 3. Nf3 Nf6 4. g3 dxc4 5. Bg2 c5 6. O-O Nc6 7. dxc5 Qxd1 {E04: Open Catalan: 5 Nf3} 8. Rxd1 {Predecessor:} Bxc5 $146 9. Nbd2 c3 10. bxc3 O-O 11. Nb3 Be7 12. Nfd4 Nxd4 13. cxd4 Nd5 14. Bd2 f5 15. Rac1 b6 16. Bxd5 exd5 17. Rc7 Bd8 18. Rc2 Ba6 19. Bf4 {1-0 (57) Vachier Lagrave,M (2780)-So,W (2754) Abidjan 2019} 1/2-1/2

[Event "Asian Continental-ch Open 2019"]
[Site "XingTai"]
[Date "2019.06.15"]
[Round "9.4"]
[White "Maghsoodloo, Parham"]
[Black "Karthikeyan, Murali"]
[Result "0-1"]
[WhiteElo "2665"]
[BlackElo "2593"]
[Annotator "TA"]
[PlyCount "66"]
[EventDate "2019.06.06"]
[EventType "swiss"]
[EventCountry "CHN"]
[SourceTitle "playchess.com"]
[Source "ChessBase"]
[SourceQuality "1"]

{[%evp 9,72,29,31,0,0,0,0,-4,0,-6,-2,-8,-10,0,14,10,35,29,31,40,40,40,44,44,55,42,46,22,6,0,0,0,0,0,0,-15,-51,-51,-66,-52,-67,-127,-59,-102,-31,-38,-7,-13,-20,-44,-30,-81,-33,-61,0,-27,-29,-459,0,-29984,-29985,-29985,-29986,-29993,-29994]} 1. e4 c5 2. Nf3 d6 3. Bb5+ Nc6 4. O-O Bd7 5. Re1 Nf6 6. c4 {B51: Sicilian: Moscow Variation (3 Bb5+) without 3...Bd7} e5 7. h3 $146 ({Predecessor:} 7. Nc3 Be7 8. a3 a6 9. Bxc6 Bxc6 10. b4 b6 11. d3 O-O 12. Nd2 Nd7 {1-0 (52) Pridorozhni,A (2533)-Sjugirov,S (2673) Khanty-Mansiysk 2014}) 7... Be7 8. d3 {The position is equal.} O-O 9. Nc3 Ne8 10. a3 Nc7 11. Ba4 f5 12. b4 Ne6 13. exf5 Rxf5 14. Nd5 Rf7 15. Be3 Ncd4 16. Bxd4 Bxa4 17. Qxa4 cxd4 18. c5 Bf8 19. Qb3 Rxf3 $1 20. gxf3 {Hoping for cxd6.} Kh8 21. Re4 {Black must now prevent Nb6.} Qg5+ 22. Rg4 Qf5 23. Rg3 dxc5 24. b5 Rd8 25. Re1 (25. b6 $15 axb6 26. a4) 25... g6 ({Black should play} 25... b6 $1 $17 26. Re4 Ng5) 26. h4 Ng7 (26... b6 $17 27. h5 gxh5) 27. b6 $1 $15 {[%cal Rb6a7]} axb6 28. Nxb6 {With the idea Nc4.} Nh5 $1 {[%cal Rh5g3]} 29. Rg5 Qxf3 {Strongly threatening ...Nf4.} 30. Qd1 (30. Nc4 $11 Nf4 31. Rg3 Ne2+ 32. Rxe2 Qxe2 33. Qxb7) 30... Qh3 {aiming for ...Bg7.} 31. Nc4 Bh6 (31... Qxh4 $15 32. Rg4 Qf6) 32. Nxe5 {Threatening mate with Qxh5!} Rf8 33. Rxg6 $2 {[%mdl 8192] [#]} (33. Rg2 $11 {and White stays safe.}) 33... Be3 {Played: Rf8xf2} 0-1

[Event "Asian Continental-ch Open 2019"]
[Site "XingTai"]
[Date "2019.06.15"]
[Round "9.5"]
[White "Vidit, Santosh Gujrathi"]
[Black "Idani, Pouya"]
[Result "1-0"]
[WhiteElo "2707"]
[BlackElo "2597"]
[Annotator "TA"]
[PlyCount "113"]
[EventDate "2019.06.06"]
[EventType "swiss"]
[EventCountry "CHN"]
[SourceTitle "playchess.com"]
[Source "ChessBase"]
[SourceQuality "1"]

{[%evp 24,113,13,12,19,0,12,-24,16,9,21,29,23,10,33,24,21,16,69,74,74,70,65,43,60,57,57,60,89,63,63,63,90,87,85,86,91,79,91,25,11,0,0,0,44,0,0,0,0,0,0,0,0,0,0,0,0,0,0,0,8,8,62,8,8,8,35,38,49,47,87,87,87,87,87,94,94,94,95,95,245,237,287,287,287,287,279,279,272,239,29966,29967]} 1. d4 d5 2. c4 dxc4 3. Nf3 Nf6 4. e3 a6 5. Bxc4 b5 6. Be2 Bb7 7. a4 b4 8. O-O e6 9. b3 Nbd7 10. Bb2 c5 11. Nbd2 Be7 12. Nc4 O-O 13. Rc1 Rc8 {D27: Queen's Gambit Accepted: Classical main line: 7 e4!? and 7 a4} 14. Qc2 $146 (14. Nfe5 cxd4 15. Qxd4 Nc5 16. Qxd8 Rfxd8 17. Na5 Bd5 18. Nec4 Nfd7 19. Nd2 Bf6 {½-½ (32) Rodshtein,M (2678)-Adhiban,B (2671) Linares 2018}) ({Predecessor:} 14. Nfe5 cxd4 15. Bxd4 Nxe5 16. Bxe5 Nd7 17. Bb2 Nc5 18. Bd4 a5 19. Qc2 {½-½ (46) Aupi Royo,J (2378)-Benlloch Guirau,A (2447) ICCF email 2013}) 14... Be4 15. Bd3 Bxd3 {Black has an edge.} (15... Bxf3 $5 16. gxf3 cxd4 $14) 16. Qxd3 cxd4 17. Bxd4 Qc7 18. Rfd1 Qb7 19. Na5 Qa8 $1 20. h3 Rxc1 (20... Ne4 $11) 21. Rxc1 $14 Rc8 22. Rc4 $36 {[%mdl 2048] White has the initiative.} h6 23. Qc2 Rxc4 24. Qxc4 Bd6 25. Nc6 Qb7 26. Nfe5 Nxe5 27. Bxe5 Bxe5 28. Nxe5 Ne4 29. Qd4 Nc3 {And now ...Ne2+ would win.} 30. Qd8+ Kh7 31. Nd7 (31. Kh2 $16) 31... Qd5 $11 32. Nf8+ Kg8 $1 33. Nd7+ Kh7 34. Nf8+ (34. Kh2 {keeps more tension.} Ne4 35. Qe8 Kg6 36. Qe7 Qd6+ 37. Qxd6 Nxd6 38. Kg3) 34... Kg8 $1 35. Nxe6+ Qxd8 $1 36. Nxd8 Nxa4 $1 {[%mdl 4096] Endgame KN-KN} 37. Nb7 ({Don't go for} 37. bxa4 $2 b3 $19) 37... Kf8 38. Kf1 Nc3 39. Ke1 Ke7 40. Nc5 a5 41. Kd2 f5 42. Kd3 Kf6 (42... Nd1 $11) 43. Kd4 (43. Kc4 $1 $14) 43... g5 44. Nd3 h5 45. Kc5 h4 46. Kb6 a4 47. bxa4 Nxa4+ 48. Kb5 Nc3+ 49. Kxb4 Ne4 50. f3 $1 {[%cal Rf3e4]} Ng3 51. Kc4 Ke6 (51... Nf1 $16 {was necessary.}) 52. f4 $1 $18 g4 {[#]} 53. Ne5 $1 gxh3 54. gxh3 Ne4 55. Kd3 Nf2+ 56. Ke2 Nxh3 $2 {[#]} (56... Nh1 $18 57. Ng6 Kf6 58. Nxh4 Ng3+ 59. Kd3 Nf1) 57. Ng6 $1 {Accuracy: White = 69%, Black = 52%.} 1-0

[Event "Asian Continental-ch Open 2019"]
[Site "XingTai"]
[Date "2019.06.15"]
[Round "9.6"]
[White "Firouzja, Alireza"]
[Black "Aryan Chopra"]
[Result "1-0"]
[WhiteElo "2682"]
[BlackElo "2553"]
[Annotator "TA"]
[PlyCount "97"]
[EventDate "2019.06.06"]
[EventType "swiss"]
[EventCountry "CHN"]
[SourceTitle "playchess.com"]
[Source "ChessBase"]
[SourceQuality "1"]

{[%evp 23,97,66,60,59,62,53,60,45,73,59,45,45,45,42,43,37,48,37,41,41,73,41,102,103,85,87,93,97,132,116,280,264,276,171,265,65,64,35,121,121,98,107,273,296,291,292,288,296,305,305,305,302,347,354,356,348,321,325,373,334,383,329,447,417,581,562,608,608,935,935,903,893,1108,1090,1118,1174]} 1. d4 Nf6 2. c4 g6 3. Nc3 Bg7 4. e4 d6 5. Nf3 O-O 6. Be2 e5 7. O-O Nc6 8. d5 Ne7 9. Ne1 Nd7 10. Nd3 f5 11. f3 f4 12. b4 g5 13. c5 {E99: King's Indian: Classical Main Line: 9 Ne1 Nd7 10 f3 f5} Nf6 14. a4 Ng6 15. a5 {White is slightly better.} h5 16. Nf2 Rf7 {[#]} 17. Kh1 $146 ({Predecessor:} 17. c6 Bf8 18. cxb7 Bxb7 19. Ra3 Rg7 20. h3 {0-1 (104) Vescovi,G (2660)-Krylov,M (2511) Moscow 2010}) 17... Bf8 18. c6 bxc6 19. dxc6 {Black must now prevent Bc4.} Be6 20. b5 Ne7 21. Rg1 Rg7 22. g3 Qe8 (22... a6 $14) 23. Qf1 $16 a6 24. gxf4 gxf4 25. Bd2 Qf7 26. Rc1 Ne8 $2 (26... Rxg1+ $16 {might work better.} 27. Qxg1+ Bg7) 27. Nh3 $1 $18 ({Not} 27. bxa6 Nxc6 28. Rxg7+ Bxg7 $16) 27... Qf6 28. Bc4 ({Less strong is} 28. bxa6 Kh8 $16) 28... axb5 (28... Rxg1+ {is a better defense.} 29. Nxg1 axb5 30. Bxe6+ Qxe6) 29. Nxb5 $2 (29. Bxe6+ $18 Qxe6 30. Ng5) 29... Rxg1+ $14 30. Qxg1+ Bg7 {[#]} (30... Kh8 $14 31. Bf1 Bh6) 31. Qf1 $1 $16 Bxc4 32. Qxc4+ Kh8 $2 (32... Qf7 $16) 33. Rg1 $18 Bh6 34. Bc3 Kh7 35. Nf2 Bg7 36. Nd3 Qf8 {Black hopes to continue with ...Qg8.} 37. Ra1 Qg8 38. Qxg8+ Kxg8 {[#]} 39. Nb4 $1 Bf6 40. a6 {[%cal Ba5a6,Ba6a7][%mdl 32]} Kf7 41. a7 Bh4 42. Ra2 Kf8 43. Kg2 Kf7 44. Kh3 {White is clearly winning.} Bf6 45. Be1 Ng6 46. Nd5 Bd8 47. Bf2 Kf8 48. Rb2 Ne7 49. Nxe7 {Accuracy: White = 76%, Black = 46%.} 1-0

[Event "Asian Continental-ch Open 2019"]
[Site "XingTai"]
[Date "2019.06.15"]
[Round "9.7"]
[White "Adhiban, B.."]
[Black "Dai, Changren"]
[Result "1/2-1/2"]
[WhiteElo "2676"]
[BlackElo "2480"]
[Annotator "TA"]
[PlyCount "114"]
[EventDate "2019.06.06"]
[EventType "swiss"]
[EventCountry "CHN"]
[SourceTitle "playchess.com"]
[Source "ChessBase"]
[SourceQuality "1"]

{[%evp 13,114,15,14,4,22,9,20,16,14,8,35,31,29,29,37,25,23,29,28,25,45,29,39,42,36,39,31,30,31,31,31,20,27,24,26,13,38,38,41,41,52,44,63,55,44,40,49,38,50,54,108,0,93,0,0,8,70,0,0,0,0,0,0,0,0,0,41,0,0,0,0,0,4,4,8,0,0,0,0,0,0,0,0,0,0,0,0,0,0,0,0,0,0,0,0,-8,-8,-8,-8,-8,-8,-8,0]} 1. d4 d5 2. c4 e6 3. Nc3 Be7 4. cxd5 exd5 5. Bf4 c6 6. e3 Bf5 7. Nge2 Nd7 8. h4 {D31: Queen's Gambit Declined: Semi-Slav without ...Nf6 (+ Marshall Gambit and Noteboom) and Exchange Variation lines without ...Nf6} Ngf6 9. Ng3 Be6 10. Bd3 Nb6 11. Qc2 Bd6 12. Nge2 Bxf4 $146 ({Predecessor:} 12... Nh5 13. Bxd6 Qxd6 14. O-O-O g6 15. Kb1 O-O-O {½-½ (27) Riazantsev,A (2646)-Oparin,G (2597) Kolomna 2016}) 13. Nxf4 Qd6 14. O-O-O O-O-O 15. f3 Kb8 16. g4 h6 17. Qh2 (17. Qf2 {feels hotter.} Ne8 18. h5 Nc7 19. Kb1 Bc8 20. Rc1) 17... Ka8 18. Nh5 Qxh2 19. Rxh2 Ne8 20. b3 g6 21. Nf4 Bc8 22. Bc2 Ng7 23. Nce2 Rde8 24. Kd2 Kb8 25. Ng3 a5 26. a4 Nd7 27. Rc1 b6 28. Bxg6 fxg6 29. Nxg6 Rhg8 30. Rxc6 Kb7 31. Rc3 {[%mdl 1024] White has compensation.} Nf6 (31... Nb8 $14) 32. Ne5 (32. Rh1 $16) 32... Be6 (32... Rgf8 $11) 33. Ne2 ({White should try} 33. Rh1 $16) 33... Nd7 $11 34. Nd3 Nf6 (34... h5 $11) 35. Ne5 (35. Ndf4 $14) 35... Nd7 36. Nxd7 Bxd7 37. Nf4 Rgf8 38. g5 hxg5 39. hxg5 {[#] And now Rh7 would win.} Rh8 40. Rxh8 Rxh8 {The position is equal.} 41. Nxd5 {Hoping for Rc7+.} Bc6 42. Nf6 Rh2+ 43. Kc1 {Threatens to win with d5.} Bxf3 44. e4 Bh5 45. d5 {d6 is the strong threat.} Bg6 46. Rc6 Rg2 47. Rd6 {Strongly threatening Rd7+.} Nh5 48. Rd7+ Kc8 {aiming for ...Nxf6.} 49. d6 Rxg5 (49... Nxf6 $5 50. Rc7+ $8 Kd8 51. gxf6 Bxe4 $15) 50. Rc7+ Kd8 51. Rd7+ Kc8 52. Rc7+ Kd8 53. Nd7 Nf4 ({Don't play} 53... Bxe4 $6 54. Nxb6 Bf5 55. Ra7 $16) 54. Nxb6 {[%csl Gb6][%cal Rc7c8]} Rc5+ $1 {[%mdl 64] [#] Double Attack} 55. Kd2 Rxc7 56. dxc7+ Kxc7 57. Nc4 Ne6 {Accuracy: White = 65%, Black = 57%.} 1/2-1/2

[Event "Asian Continental-ch Open 2019"]
[Site "XingTai"]
[Date "2019.06.15"]
[Round "9.8"]
[White "Sengupta, Deep"]
[Black "Nguyen, Ngoc Truong Son"]
[Result "1/2-1/2"]
[WhiteElo "2559"]
[BlackElo "2639"]
[Annotator "TA"]
[PlyCount "43"]
[EventDate "2019.06.06"]
[EventType "swiss"]
[EventCountry "CHN"]
[SourceTitle "playchess.com"]
[Source "ChessBase"]
[SourceQuality "1"]

{[%evp 15,43,19,27,23,21,21,34,26,44,20,40,23,53,27,27,25,33,21,52,23,28,28,25,27,28,21,27,29,33,26]} 1. e4 e5 2. Nf3 Nf6 3. Nxe5 d6 4. Nf3 Nxe4 5. Nc3 Nxc3 6. dxc3 Be7 7. Be3 Nc6 8. Qd2 Be6 9. O-O-O {C42: Petroff Defence: 3 Nxe5 and unusual White 3rd moves} Qd7 ({Not} 9... Bxa2 $2 10. b3 $18) 10. Kb1 (10. a3 a6 11. h4 Bf6 12. Ng5 O-O-O 13. Nxe6 fxe6 14. g3 d5 15. Bh3 Kb8 16. Rhe1 Rhe8 {0-1 (35) Vachier Lagrave,M (2780)-Duda,J (2738) chess.com INT 2019}) 10... a6 11. Be2 O-O-O 12. Rhe1 $146 ({Predecessor:} 12. Nd4 Nxd4 13. Qxd4 Bf6 14. Qa7 Qa4 15. Qa8+ Kd7 16. Qxb7 Qxa2+ 17. Kc1 Qa1+ 18. Kd2 Qa5 19. Ra1 Bd5 20. Qa7 Qxa1 21. Bg4+ {1-0 (21) Bick,G (2399)-Nemeth,Z (2232) Budapest 2017}) 12... Ne5 13. Nd4 (13. b3 {is interesting.} Rhe8 14. h3 c5 15. Bf4 f6 16. Bg3) 13... Nc4 14. Bxc4 Bxc4 15. b3 Be6 16. c4 Rde8 17. Nxe6 fxe6 18. Bd4 Bf6 19. f4 Qf7 20. Qa5 Rhf8 21. g3 h6 22. Bxf6 {Accuracy: White = 34%, Black = 42%.} 1/2-1/2

[Event "Asian Continental-ch Open 2019"]
[Site "XingTai"]
[Date "2019.06.15"]
[Round "9.9"]
[White "Lalith Babu M R"]
[Black "Liu, Yan"]
[Result "1-0"]
[WhiteElo "2571"]
[BlackElo "2504"]
[Annotator "TA"]
[PlyCount "137"]
[EventDate "2019.06.06"]
[EventType "swiss"]
[EventCountry "CHN"]
[SourceTitle "playchess.com"]
[Source "ChessBase"]
[SourceQuality "1"]

{[%evp 15,137,0,12,12,8,-18,0,0,0,0,0,-12,-11,-24,1,7,14,-19,0,0,-4,-15,5,7,9,0,2,0,0,0,29,8,11,27,16,22,40,36,40,47,37,51,27,29,30,18,58,63,73,75,79,42,60,46,71,66,66,64,68,64,64,64,118,102,112,73,81,64,85,83,86,97,82,55,75,57,82,84,78,80,75,78,76,79,74,55,55,55,125,72,81,80,71,77,74,74,107,117,113,78,78,72,146,123,349,309,305,302,280,279,425,411,597,410,352,352,858,858,1096,418,418,418,403,396]} 1. d4 Nf6 2. c4 e6 3. g3 Bb4+ 4. Bd2 Be7 5. Bg2 d5 6. Nf3 c6 7. Qc2 O-O 8. O-O b6 9. Rd1 {E11: Bogo-Indian} Nbd7 10. Nc3 (10. Bf4 Nh5 11. Bd2 Bb7 12. Ne5 Rc8 13. Nc3 Nhf6 14. Bf4 Nh5 15. Bd2 a6 16. e4 dxc4 17. Nxc4 b5 18. Ne3 c5 19. d5 c4 20. a4 Qb6 21. axb5 axb5 22. Ne2 {½-½ (54) Cheparinov,I (2709)-Karjakin,S (2753) St Petersburg 2018}) 10... Ba6 11. cxd5 {The position is equal.} cxd5 12. Qa4 Bb7 13. Bf4 a6 14. Qb3 Nh5 $146 ({Predecessor:} 14... b5 15. Ne1 Nb6 16. f3 Nc4 17. a3 Qb6 18. Nc2 {½-½ (56) Tica,S (2296)-Pavcevic,B (2040) Krapinske Toplice 2015}) 15. Be3 Nhf6 16. Ne1 Ne8 17. Nd3 Nd6 18. Bf4 Nc4 19. e4 {[%cal Re4d5]} Na5 20. Qc2 {[%cal Re4d5]} dxe4 21. Nxe4 Rc8 22. Qe2 Bxe4 23. Bxe4 Nf6 24. Bg2 Nd5 25. Be5 Nc6 26. Nf4 Nxf4 27. Bxf4 {Threatens to win with d5.} Nb4 28. a3 Nd5 29. Bxd5 ({But not} 29. Qxa6 Nxf4 30. gxf4 Qd6 $17) 29... Qxd5 30. Qxa6 b5 31. Rac1 Ra8 32. Qc6 Rfd8 33. Be5 Bf8 34. Rd3 Ra4 35. Qxd5 Rxd5 36. Rc8 f6 37. b4 Ra7 38. Bc7 Ra6 (38... Rb7 $14) 39. Rb8 Kf7 40. Bb6 e5 41. Kf1 Rd7 42. Ba5 Rd5 43. Ke2 exd4 44. Bb6 Re5+ 45. Kf1 Bd6 46. Rb7+ Re7 47. Rxe7+ Kxe7 48. Bxd4 $16 {[%mdl 4096] Endgame KRB-KRB} Ke6 49. Ke2 h5 50. h3 Rc6 51. Kd2 g6 (51... Rc4 $14) 52. Bc3 (52. Re3+ $142 Kd5 53. Rd3 (53. Bxf6 Bxb4+ 54. axb4 Rxf6 $14)) 52... f5 53. Kc2 g5 54. Kb3 g4 55. hxg4 hxg4 56. a4 bxa4+ 57. Kxa4 Ra6+ 58. Kb3 Ra8 (58... Rb6 $142) 59. b5 Rb8 $2 (59... Ra3+ $16 {keeps fighting.} 60. Kb2 Ra7) 60. Bb4 $1 $18 Bc7 {[#]} 61. Kc4 $1 f4 62. gxf4 Rc8 {[#]} (62... Bxf4 {is a better defense.} 63. Rd4 Rc8+ 64. Bc5 Be5) 63. Bc5 $1 Kf5 (63... Rb8 $142 64. Rd5 Bxf4) 64. Kb4 Bxf4 65. b6 Rg8 $2 (65... Bb8 66. Kb5 Ke6) 66. Bd6 Rg6 67. Bxf4 (67. Kc5 $142) 67... Rxb6+ 68. Kc5 Ra6 69. Bg3 {Accuracy: White = 69%, Black = 46%.} 1-0